| 000 | 01315nam a2200277 i 4500 | ||
|---|---|---|---|
| 001 | 174995 | ||
| 003 | ES-MaACL | ||
| 005 | 20240122153307.0 | ||
| 008 | 100923s2006 sp ao |||| |dspa d | ||
| 080 | _a821.134.2 Hernández, Miguel 1.07 | ||
| 080 | _a929 Hernández, Miguel | ||
| 245 | 0 | 3 |
_aEl Eco hernandiano. _notoño 2006. |
| 260 |
_a[Orihuela, Alicante] : _bFundación Cultural Miguel Hernández, _c2006 ( _eMurcia) |
||
| 300 |
_a20 p. : _bil., fot. ; _c30 cm. |
||
| 490 | 1 |
_aEl eco hernandiano ; _v11 |
|
| 505 | 8 | _aContiene: La voluntad de crear / Óscar Moreno . Un poema manuscrito de Miguel Hernández . Vanas palabras / Alejandro Sanz . XCVI aniversario del nacimiento de M. Hernández . Entrega de los premios literarios... Intervención de Gaspar Peral Baeza . Vittorio Vidali y Miguel Hernández: notas a una amistad / María Dalla Rizza | |
| 600 | 1 | 4 |
_aHernández, Miguel, _d1910-1942- _vHomenajes _962848 |
| 650 | 4 |
_aLiteratura española- _yS.XX. _9148763 |
|
| 700 | 1 |
_aMoreno Ferrández, Óscar. _9141296 |
|
| 700 | 1 |
_aHernández, Miguel, _d1910-1942 _962844 |
|
| 700 | 1 |
_aSanz, Alejandro, _d1967- _9103558 |
|
| 710 | 2 |
_aFundación Cultural Miguel Hernández. _94265 |
|
| 830 | 1 |
_aEl eco hernandiano ; _v11 _9223825 |
|
| 852 | 4 |
_aES-MaACL _j2281-F-25 |
|
| 999 |
_c174995 _d174995 |
||